Match the Bankai with the Soul Reaper - Statistics

General Stats
  • This quiz has been taken 74 times
  • The average score is 10 of 19
Answer Stats
Hint Answer % Correct
Daiguren Hyorinmaru Toshiro Hitsugaya
86%
Tensa Zangetsu Ichigo Kurosaki
78%
Soo Zabimaru Renji Abarai
71%
Kannonbiraki Benihime Aratame Kisuke Urahara
69%
Senbonzakura Kageyoshi Byakuya Kuchiki
67%
Minazuki Retsu Unohana
66%
Hakka no Togame Rukia Kuchiki
66%
Zanka no Tachi Shigekuni Yamamoto
64%
Jakuho Raikoben Soi Fon
64%
Katen Kyokotsu: Karamatsu Shinju Shunsui Kyoraku
60%
Kamishini no Yari Gin Ichimaru
59%
Konjiki Ashisogi Jizo Mayuri Kurotsuchi
50%
Ryumon Hozukimaru Ikkaku Madarame
40%
Enma Korogi Kaname Tosen
38%
Kokujo Tengen Myo'o Sajin Komamura
38%
Koko Gonryo Rikyu Chojiro Sasakibe
26%
Tekken Tachikaze Kensei Muguruma
26%
Shatatsu Karagara Shigarami no Tsuji Senjumaru Shutara
22%
Kinshara Butodan Rojuro Otoribashi
21%
No matching quizzes found
Score Distribution
Percent of People with Each Score
Percentile by Number Answered
Your Score History
You have not taken this quiz